Mathematical Symbols - Statistics

General Stats
  • This quiz has been taken 385 times
    371 since last reset
  • The average score is 15 of 26
Answer Stats
Symbol Name % Correct
+ add
97%
/ or ÷ divide
93%
x multiply
93%
% percent
92%
π pi
92%
= equal
89%
- subtract
89%
infinity
85%
º degree
74%
< less
74%
! factorial
71%
root
68%
> more
65%
^ exponent
57%
angle
56%
| x | absolute value
54%
i imaginary
48%
. decimal
45%
φ phi
42%
τ tau
34%
much less
20%
much more
20%
fraction
19%
per-mille
15%
approximation
11%
P(S) power set
9%
No matching quizzes found
Score Distribution
Percent of People with Each Score
Percentile by Number Answered
Your Score History
You have not taken this quiz since the last reset